Georgij Danelija - Gija Kančeli

Bibliographic Details
Main Authors: Szolnokiová, Juliana, 1946-2009 (Author), Zeifasová, Natalija (Author)
Format: Article
Language:Slovak

MARC

LEADER 00000nab a2200000uu 4500
001 vtls010883541
003 SK-MaSNL
005 20260303145100.0
008 230222|1994 xo |||||||||||||||||slo|
015 |a SNBRB 
035 |a (urnnbn)urn:nbn:sk:snk:ar-0025la 
035 |a (uuid)79969da1-bb13-4566-813b-18b186492ef7 
035 |a urn:nbn:sk:snk-ab8f1o 
040 |a SNKBUCL  |b slo  |c SNKBUCL  |e AACR2 
041 0 |a slo 
044 |a xo  |c SK 
100 1 |a Szolnokiová, Juliana,  |d 1946-2009  |4 aut  |9 131907 
245 1 0 |a Georgij Danelija - Gija Kančeli  |c Juliana Szolnokiová, Natalija Zeifasová 
700 1 |a Zeifasová, Natalija  |4 aut  |9 1167453 
773 0 |t Slovenská hudba : revue pre hudobnú kultúru  |g Roč. 20, č. 1 (1994), s. 186-197 
954 |a odborná, vedecká literatúra pôvodná (slovenská)  |2 lita 
958 |a OND 
958 |a EUIPO 
958 |a article10 
999 |c 2000327  |d 2002257